000 00361nam a2200169Ia 4500
003 0STCL
008 150530s9999 xx 000 0 und d
040 _aSTCL
_cSTCL
100 _aBlack,R.B.
245 _aSocial Work in Health Care
260 _c1989
300 _a0
546 _aEnglish
942 _2ddc
_cBK
999 _c15493
_d15493
005 20220125165731.0